[Event "Mittelfranken-chTB2b 1718"]
[Site "Mittelfranken"]
[Date "2018.04.22"]
[Round "8.1"]
[White "Hoewel, Karl Adolf"]
[Black "Fink, Martin"]
[Result "1-0"]
[WhiteElo "1930"]
[BlackElo "1832"]
[PlyCount "91"]
[EventDate "2017.10.08"]
[EventType "team-tourn"]
[EventRounds "9"]
[EventCountry "GER"]
[SourceTitle "EXT 2022"]
[Source "ChessBase"]
[SourceDate "2021.10.06"]
[SourceVersion "1"]
[SourceVersionDate "2021.10.06"]
[SourceQuality "1"]
[WhiteTeam "Nuernberg SK 1911 II"]
[BlackTeam "Heideck/Hilpoltstein"]
[WhiteTeamCountry "GER"]
[BlackTeamCountry "GER"]

1. d4 d5 2. c4 e6 3. Nc3 Nf6 4. Bg5 Be7 5. e3 h6 6. Bxf6 Bxf6 7. Rc1 0-0 8. Nf3 c6 9. Bd3 Nd7 10. 0-0 dxc4 11. Bxc4 e5 12. Ne4 exd4 13. Nxf6+ Qxf6 14. Qxd4 Qxd4 15. Nxd4 Ne5 16. Be2 a5 17. Rfd1 Rd8 18. a3 Kf8 19. Rc5 f6 20. f4 Nf7 21. Kf2 Ke7 22. Bf3 Nd6 23. Rxc6 Nb5 24. Rb6 Nxd4 25. Rxd4 Rxd4 26. exd4 Kd7 27. Bxb7 Bxb7 28. Rxb7+ Ke6 29. Ke3 g5 30. Rb6+ Kf5 31. Rb5+ Kg4 32. fxg5 hxg5 33. d5 Re8+ 34. Kf2 Ra8 35. d6 Kf4 36. d7 Ke4 37. Rxa5 Rd8 38. Ra7 f5 39. Rc7 f4 40. b4 g4 41. b5 f3 42. gxf3+ gxf3 43. b6 Rh8 44. Rc4+ Kd5 45. Rc8 Rxh2+ 46. Kxf3 1-0

[Event "Mittelfranken-chTB2b 1718"]
[Site "Mittelfranken"]
[Date "2017.10.29"]
[Round "2.1"]
[White "Balle, Alfred"]
[Black "Hoewel, Karl Adolf"]
[Result "0-1"]
[WhiteElo "1881"]
[BlackElo "1930"]
[PlyCount "104"]
[EventDate "2017.10.08"]
[EventType "team-tourn"]
[EventRounds "9"]
[EventCountry "GER"]
[SourceTitle "EXT 2022"]
[Source "ChessBase"]
[SourceDate "2021.10.06"]
[SourceVersion "1"]
[SourceVersionDate "2021.10.06"]
[SourceQuality "1"]
[WhiteTeam "Forchheim SC III"]
[BlackTeam "Nuernberg SK 1911 II"]
[WhiteTeamCountry "GER"]
[BlackTeamCountry "GER"]

1. e4 e5 2. Nf3 d6 3. Bc4 Be6 4. Bxe6 fxe6 5. 0-0 Nf6 6. d3 Nc6 7. Re1 Be7 8. c3 0-0 9. Nbd2 Nh5 10. Nf1 Qe8 11. d4 exd4 12. Nxd4 Nxd4 13. cxd4 Qf7 14. Be3 d5 15. e5 Bb4 16. Re2 Ba5 17. Rc2 Bb6 18. Qg4 Nf4 19. Bxf4 Qxf4 20. Qxe6+ Kh8 21. Qxd5 Bxd4 22. Ne3 Rad8 23. Qb3 Bxe5 24. Nf1 Bd4 25. Qg3 Qxg3 26. Nxg3 Rde8 27. Kf1 c5 28. Re1 Rxe1+ 29. Kxe1 Re8+ 30. Ne2 b6 31. Kf1 Be5 32. Rd2 Kg8 33. b3 Kf7 34. h3 Ke6 35. Ng1 Rc8 36. Nf3 Bf6 37. Ke2 Rc6 38. Rd3 Rd6 39. Rxd6+ Kxd6 40. Kd3 Kd5 41. Nd2 b5 42. f4 Bd4 43. Nf3 c4+ 44. bxc4+ bxc4+ 45. Ke2 Bb2 46. g3 h6 47. Ke3 Ba3 48. Ke2 Bd6 49. Ke3 Bc5+ 50. Ke2 Bd4 51. Nxd4 Kxd4 52. Kd2 Ke4 0-1

[Event "Mittelfranken-chTB1 1617"]
[Site "Mittelfranken"]
[Date "2017.05.14"]
[Round "9.5"]
[White "Hoewel, Karl Adolf"]
[Black "Reichmann, Ulrich"]
[Result "1/2-1/2"]
[WhiteElo "1930"]
[BlackElo "1918"]
[PlyCount "32"]
[EventDate "2016.10.23"]
[EventType "team-tourn"]
[EventRounds "9"]
[EventCountry "GER"]
[SourceTitle "EXT 2022"]
[Source "ChessBase"]
[SourceDate "2021.10.06"]
[SourceVersion "1"]
[SourceVersionDate "2021.10.06"]
[SourceQuality "1"]
[WhiteTeam "Nuernberg SK 1911"]
[BlackTeam "Gunzenhausen"]
[WhiteTeamCountry "GER"]
[BlackTeamCountry "GER"]

1. d4 Nf6 2. c4 c5 3. d5 b5 4. cxb5 a6 5. b6 d6 6. Nc3 Nbd7 7. e4 Nxb6 8. Nf3 Bg4 9. Be2 Bxf3 10. Bxf3 g6 11. 0-0 Bg7 12. Be3 0-0 13. e5 Nfd7 14. exd6 exd6 15. Be2 Ne5 16. Qb3 f5 1/2-1/2

[Event "Mittelfranken-chTB1 1617"]
[Site "Mittelfranken"]
[Date "2017.03.26"]
[Round "8.6"]
[White "Hoewel, Karl Adolf"]
[Black "Proeschel, Gerhard"]
[Result "1-0"]
[WhiteElo "1930"]
[BlackElo "1845"]
[PlyCount "54"]
[EventDate "2016.10.23"]
[EventType "team-tourn"]
[EventRounds "9"]
[EventCountry "GER"]
[SourceTitle "EXT 2022"]
[Source "ChessBase"]
[SourceDate "2021.10.06"]
[SourceVersion "1"]
[SourceVersionDate "2021.10.06"]
[SourceQuality "1"]
[WhiteTeam "Nuernberg SK 1911"]
[BlackTeam "Muehlhof/Schwabach"]
[WhiteTeamCountry "GER"]
[BlackTeamCountry "GER"]

1. d4 d5 2. c4 c6 3. cxd5 cxd5 4. Nc3 Nf6 5. Nf3 Nc6 6. Bf4 a6 7. e3 Bg4 8. Qb3 Na5 9. Qa4+ Bd7 10. Qc2 Rc8 11. Bd3 b5 12. Qe2 e6 13. 0-0 Nc4 14. Rfc1 Be7 15. b3 Na3 16. Ne5 0-0 17. Bg5 h6 18. Bh4 Re8 19. Qf3 Bc6 20. g4 g5 21. Bg3 Rf8 22. h4 Nd7 23. hxg5 hxg5 24. Qh1 f5 25. Qh6 Nxe5 26. Qxe6+ Nf7 27. Qg6+ Kh8 1-0

[Event "Mittelfranken-chTB1 1617"]
[Site "Mittelfranken"]
[Date "2017.03.05"]
[Round "7.6"]
[White "Zeltner, Ottmar"]
[Black "Hoewel, Karl Adolf"]
[Result "1/2-1/2"]
[WhiteElo "1872"]
[BlackElo "1930"]
[PlyCount "103"]
[EventDate "2016.10.23"]
[EventType "team-tourn"]
[EventRounds "9"]
[EventCountry "GER"]
[SourceTitle "EXT 2022"]
[Source "ChessBase"]
[SourceDate "2021.10.06"]
[SourceVersion "1"]
[SourceVersionDate "2021.10.06"]
[SourceQuality "1"]
[WhiteTeam "Rothenburg"]
[BlackTeam "Nuernberg SK 1911"]
[WhiteTeamCountry "GER"]
[BlackTeamCountry "GER"]

1. e4 e5 2. Nf3 d6 3. Nc3 Nf6 4. Bc4 Be6 5. Bb3 Bxb3 6. axb3 Nc6 7. d4 Be7 8. 0-0 0-0 9. d5 Nb8 10. Be3 Nbd7 11. Qd3 Nh5 12. Qb5 Qc8 13. Qe2 Ndf6 14. h3 Nf4 15. Bxf4 exf4 16. Qd2 Nh5 17. Ne2 Bf6 18. c3 Be5 19. Ned4 Qe8 20. Rfe1 a6 21. Nxe5 dxe5 22. Nf3 Qe7 23. c4 Rad8 24. Qc3 f6 25. c5 Kh8 26. c6 bxc6 27. Qxc6 Rd6 28. Qc4 g5 29. Rec1 Qg7 30. Rxa6 g4 31. hxg4 Rxa6 32. Qxa6 Qxg4 33. Nh2 Qg6 34. Qe2 Rg8 35. Qf3 f5 36. exf5 Qg5 37. Rxc7 Nf6 38. Qh3 e4 39. Rf7 f3 40. g4 e3 41. Qxf3 Nxg4 42. Nxg4 Qh5 43. Kf1 Qxf7 44. Nxe3 Qg7 45. f6 Qg1+ 46. Ke2 Qc1 47. Nd1 Re8+ 48. Kf1 Qh6 49. Ne3 Rf8 50. Ng4 Qc1+ 51. Kg2 Qg5 52. Kf1 1/2-1/2

[Event "Mittelfranken-chTB1 1617"]
[Site "Mittelfranken"]
[Date "2016.11.27"]
[Round "3.6"]
[White "Hoewel, Karl Adolf"]
[Black "Scherb, Ansgar"]
[Result "1-0"]
[WhiteElo "1930"]
[BlackElo "1733"]
[PlyCount "65"]
[EventDate "2016.10.23"]
[EventType "team-tourn"]
[EventRounds "9"]
[EventCountry "GER"]
[SourceTitle "EXT 2022"]
[Source "ChessBase"]
[SourceDate "2021.10.06"]
[SourceVersion "1"]
[SourceVersionDate "2021.10.06"]
[SourceQuality "1"]
[WhiteTeam "Nuernberg SK 1911"]
[BlackTeam "Lauf SV"]
[WhiteTeamCountry "GER"]
[BlackTeamCountry "GER"]

1. d4 Nf6 2. c4 e6 3. Nf3 b6 4. g3 Bb7 5. Bg2 Bb4+ 6. Bd2 a5 7. 0-0 Bxd2 8. Nbxd2 d6 9. Qc2 Nbd7 10. Rfd1 Qe7 11. Rac1 0-0 12. Ng5 Bxg2 13. Kxg2 h6 14. Nge4 Nxe4 15. Nxe4 f5 16. Nc3 e5 17. Nd5 Qd8 18. dxe5 dxe5 19. c5 bxc5 20. Qa4 Ra6 21. Nxc7 Qxc7 22. Qc4+ Kh8 23. Qxa6 Rc8 24. Qd6 Nf6 25. Qxc7 Rxc7 26. Rd8+ Kh7 27. Ra8 Rb7 28. b3 Rb5 29. Rc4 Nd5 30. Ra4 Rb6 31. R4xa5 Rc6 32. Re8 e4 33. Re5 1-0

[Event "Mittelfranken-chTB1 1617"]
[Site "Mittelfranken"]
[Date "2016.10.23"]
[Round "1.6"]
[White "Hoewel, Karl Adolf"]
[Black "Neumann, Robert"]
[Result "1-0"]
[WhiteElo "1930"]
[BlackElo "1847"]
[PlyCount "101"]
[EventDate "2016.10.23"]
[EventType "team-tourn"]
[EventRounds "9"]
[EventCountry "GER"]
[SourceTitle "EXT 2022"]
[Source "ChessBase"]
[SourceDate "2021.10.06"]
[SourceVersion "1"]
[SourceVersionDate "2021.10.06"]
[SourceQuality "1"]
[WhiteTeam "Nuernberg SK 1911"]
[BlackTeam "Nuernberg Noris Tarrasch III"]
[WhiteTeamCountry "GER"]
[BlackTeamCountry "GER"]

1. d4 Nf6 2. c4 g6 3. Nc3 d5 4. cxd5 Nxd5 5. e4 Nxc3 6. bxc3 Bg7 7. Bc4 c5 8. Ne2 Nc6 9. Be3 cxd4 10. cxd4 Qa5+ 11. Qd2 Qxd2+ 12. Kxd2 0-0 13. Rhd1 Rd8 14. Ke1 Na5 15. Bd3 Be6 16. Rac1 Rac8 17. d5 Bd7 18. Bxa7 Ba4 19. Rxc8 Rxc8 20. Rc1 Rxc1+ 21. Nxc1 Bc3+ 22. Ke2 b5 23. Ke3 Nb7 24. Ne2 Bb2 25. Bd4 Ba3 26. Nc3 Bc1+ 27. Ke2 Nd6 28. Bc5 Bf4 29. Bxd6 Bxd6 30. Bxb5 Bc2 31. Bd3 Bb4 32. Bxc2 Bxc3 33. Kd3 Be1 34. f3 Kf8 35. Ba4 Bb4 36. Bd7 Bd6 37. h3 f6 38. a4 Kf7 39. a5 e5 40. dxe6+ Ke7 41. a6 Bb8 42. Kc4 Kd6 43. f4 g5 44. e5+ fxe5 45. fxg5 Ba7 46. h4 e4 47. h5 e3 48. Kd3 Ke7 49. g6 hxg6 50. hxg6 Kf6 51. g7 1-0

[Event "Mittelfranken-chTB2a 1516"]
[Site "Mittelfranken"]
[Date "2016.02.28"]
[Round "7.4"]
[White "Strobel, Norbert"]
[Black "Hoewel, Karl Adolf"]
[Result "0-1"]
[WhiteElo "1946"]
[BlackElo "1911"]
[PlyCount "58"]
[EventDate "2015.10.18"]
[EventType "team-tourn"]
[EventRounds "9"]
[EventCountry "GER"]
[SourceTitle "EXT 2020"]
[Source "ChessBase"]
[SourceDate "2019.10.17"]
[SourceVersion "1"]
[SourceVersionDate "2019.10.17"]
[SourceQuality "1"]
[WhiteTeam "Zirndorf II"]
[BlackTeam "Nuernberg SK 1911"]
[WhiteTeamCountry "GER"]
[BlackTeamCountry "GER"]

1. d4 d5 2. Nf3 Nf6 3. e3 Bf5 4. c4 c6 5. Nc3 e6 6. a3 Nbd7 7. b4 a6 8. Qb3 Bd6 9. Bb2 0-0 10. g3 Re8 11. Bg2 h6 12. 0-0 Bd3 13. Rfe1 Bxc4 14. Qc2 e5 15. Nd2 b5 16. dxe5 Nxe5 17. Nf3 a5 18. Nd4 axb4 19. axb4 Bxb4 20. f4 Nd3 21. Nxc6 Nxe1 22. Nxd8 Nxc2 23. Rxa8 Nxe3 24. Rc8 Ba5 25. Nc6 Rxc8 26. Ne7+ Kf8 27. Nxc8 d4 28. Ne4 Nxe4 29. Bxe4 d3 0-1

[Event "Mittelfranken-chTB1 1415"]
[Site "Mittelfranken"]
[Date "2015.04.19"]
[Round "9.2"]
[White "Luther, Helmut"]
[Black "Hoewel, Karl Adolf"]
[Result "1/2-1/2"]
[WhiteElo "1946"]
[BlackElo "1911"]
[PlyCount "29"]
[EventDate "2014.09.29"]
[EventType "team-tourn"]
[EventRounds "9"]
[EventCountry "GER"]
[SourceTitle "EXT 2020"]
[Source "ChessBase"]
[SourceDate "2019.10.17"]
[SourceVersion "1"]
[SourceVersionDate "2019.10.17"]
[SourceQuality "1"]
[WhiteTeam "Nuernberg Sued SW III"]
[BlackTeam "Nuernberg SK 1911"]
[WhiteTeamCountry "GER"]
[BlackTeamCountry "GER"]

1. d4 d5 2. Nf3 Nf6 3. g3 Bf5 4. Bg2 e6 5. 0-0 Be7 6. c4 c6 7. Nc3 Nbd7 8. Re1 h6 9. b3 Ne4 10. Bb2 Nxc3 11. Bxc3 Be4 12. Qd2 Bd6 13. Bb2 Qe7 14. a3 0-0 15. c5 1/2-1/2

[Event "Mittelfranken-chTB1 1415"]
[Site "Mittelfranken"]
[Date "2014.12.14"]
[Round "4.1"]
[White "Hoewel, Karl Adolf"]
[Black "Sippl, Martin"]
[Result "0-1"]
[WhiteElo "1911"]
[BlackElo "1950"]
[PlyCount "94"]
[EventDate "2014.09.29"]
[EventType "team-tourn"]
[EventRounds "9"]
[EventCountry "GER"]
[SourceTitle "EXT 2020"]
[Source "ChessBase"]
[SourceDate "2019.10.17"]
[SourceVersion "1"]
[SourceVersionDate "2019.10.17"]
[SourceQuality "1"]
[WhiteTeam "Nuernberg SK 1911"]
[BlackTeam "Postbauer Heng"]
[WhiteTeamCountry "GER"]
[BlackTeamCountry "GER"]

1. d4 Nf6 2. c4 d6 3. Nc3 Nbd7 4. Nf3 e5 5. g3 Be7 6. Bg2 c6 7. 0-0 Qc7 8. Qc2 0-0 9. Rd1 Re8 10. h3 Bf8 11. Be3 g6 12. Rac1 Nh5 13. Qd2 f5 14. Bg5 Ng7 15. Bh6 e4 16. Nh2 Nf6 17. Bg5 Qf7 18. d5 c5 19. Nb5 a6 20. Bxf6 axb5 21. Bxg7 Bxg7 22. b3 b4 23. f4 Re7 24. e3 b6 25. Qe2 Rea7 26. Rc2 Ra5 27. Rf1 Bd7 28. Rf2 b5 29. Bf1 bxc4 30. Qxc4 Bb5 31. Qxb5 Rxb5 32. Bxb5 Kf8 33. Bc4 Bf6 34. g4 h6 35. gxf5 gxf5 36. Rg2 Ke7 37. Nf1 Bh4 38. Ng3 Bxg3 39. Rxg3 Rg8 40. Rcg2 Rxg3 41. Rxg3 Qf6 42. Kh2 Qb2+ 43. Rg2 Qc1 44. Re2 Kf6 45. Bb5 Qf1 46. Bc4 Qf3 47. Bb5 h5 0-1

[Event "Mittelfranken-chTB1 1415"]
[Site "Mittelfranken"]
[Date "2014.10.12"]
[Round "2.1"]
[White "Wittmann, Karl"]
[Black "Hoewel, Karl Adolf"]
[Result "1-0"]
[WhiteElo "2040"]
[BlackElo "1911"]
[PlyCount "79"]
[EventDate "2014.09.29"]
[EventType "team-tourn"]
[EventRounds "9"]
[EventCountry "GER"]
[SourceTitle "EXT 2020"]
[Source "ChessBase"]
[SourceDate "2019.10.17"]
[SourceVersion "1"]
[SourceVersionDate "2019.10.17"]
[SourceQuality "1"]
[WhiteTeam "Fuerth SF"]
[BlackTeam "Nuernberg SK 1911"]
[WhiteTeamCountry "GER"]
[BlackTeamCountry "GER"]

1. e4 e5 2. Nf3 d6 3. d4 Nf6 4. dxe5 Nxe4 5. Qd5 Nc5 6. Bg5 Be7 7. exd6 Qxd6 8. Nc3 Qxd5 9. Nxd5 Bd6 10. Nd4 Ne6 11. Be3 Nxd4 12. Bxd4 0-0 13. 0-0-0 Be6 14. Be3 Nc6 15. a3 Rad8 16. Nf4 Bf5 17. Nd3 Rfe8 18. h3 Na5 19. Nb4 Be4 20. Bd2 Nc6 21. f3 Bxb4 22. axb4 Bf5 23. Bb5 Re6 24. Bf4 Kf8 25. Bxc7 Rc8 26. Bd6+ Kg8 27. c3 a6 28. Bc4 Ree8 29. Rhe1 Be6 30. Bxe6 Rxe6 31. Rxe6 fxe6 32. Re1 Kf7 33. Re4 Rd8 34. Bf4 Rd7 35. Kc2 Kf6 36. Be3 g6 37. h4 Rd5 38. Bd2 Ke7 39. Bg5+ Kf7 40. Rf4+ 1-0

[Event "Mittelfranken-chTB1 1314"]
[Site "Mittelfranken"]
[Date "2013.10.20"]
[Round "1.1"]
[White "Scheremet, Michael"]
[Black "Hoewel, Karl Adolf"]
[Result "1-0"]
[WhiteElo "2175"]
[BlackElo "1911"]
[PlyCount "79"]
[EventDate "2013.10.20"]
[EventType "team-tourn"]
[EventRounds "9"]
[EventCountry "GER"]
[SourceTitle "EXT 2020"]
[Source "ChessBase"]
[SourceDate "2019.10.17"]
[SourceVersion "1"]
[SourceVersionDate "2019.10.17"]
[SourceQuality "1"]
[WhiteTeam "Postbauer Heng"]
[BlackTeam "Nuernberg SK 1911"]
[WhiteTeamCountry "GER"]
[BlackTeamCountry "GER"]

1. b3 d5 2. Bb2 e6 3. e3 Nf6 4. f4 c5 5. Nf3 Nc6 6. Bb5 Bd7 7. 0-0 Qc7 8. d3 a6 9. Bxc6 Bxc6 10. Nbd2 Nd7 11. Ng5 Nf6 12. Qe2 Bd6 13. c4 0-0-0 14. Ngf3 Rhg8 15. Ne5 Be8 16. Rac1 Kb8 17. cxd5 Nxd5 18. Nec4 f6 19. Nxd6 Rxd6 20. Ne4 Rc6 21. Rfd1 Bg6 22. Nc3 Nxc3 23. Rxc3 Rd8 24. Rdc1 Qd6 25. d4 cxd4 26. Rxc6 bxc6 27. Bxd4 Kb7 28. Rc5 Qc7 29. Qc4 Rd5 30. Qb4+ Kc8 31. Rc1 Rb5 32. Qf8+ Kb7 33. Bc5 Qd7 34. Bd6 Ka7 35. Bc5+ Kb7 36. Bd6 Ka7 37. b4 a5 38. Bc5+ Kb7 39. a4 Rxc5 40. Qxc5 1-0

[Event "Mittelfranken-chTB1 1112"]
[Site "Germany"]
[Date "2012.03.25"]
[Round "9.2"]
[White "Horneber, Thomas"]
[Black "Hoewel, Karl Adolf"]
[Result "0-1"]
[WhiteElo "1948"]
[BlackElo "2019"]
[PlyCount "80"]
[EventDate "2011.09.25"]
[EventType "team-tourn"]
[EventRounds "9"]
[EventCountry "GER"]
[SourceTitle "EXT 2018"]
[Source "ChessBase"]
[SourceDate "2017.10.13"]
[SourceVersion "1"]
[SourceVersionDate "2017.10.13"]
[SourceQuality "1"]
[WhiteTeam "Heilsbronn"]
[BlackTeam "Nuernberg SK 1911"]
[WhiteTeamCountry "GER"]
[BlackTeamCountry "GER"]

1. c4 Nf6 2. g3 e6 3. Bg2 d5 4. cxd5 exd5 5. Nf3 Be7 6. 0-0 0-0 7. d3 Re8 8. a3 Nbd7 9. b4 c6 10. Bb2 Nf8 11. Nbd2 Ng6 12. Re1 a5 13. Qb3 Bf5 14. Nd4 Bd7 15. e4 dxe4 16. dxe4 axb4 17. axb4 Qb6 18. Rxa8 Rxa8 19. Bc3 Ne5 20. Bf1 Bg4 21. h3 Bc8 22. Nf5 Qc7 23. f4 Ng6 24. Bc4 Bf8 25. Kg2 b5 26. Bd3 Be6 27. Qb1 Ra3 28. Bxf6 gxf6 29. Bc2 Bxf5 30. exf5 Rxg3+ 31. Kxg3 Qxf4+ 32. Kg2 Qxd2+ 33. Kh1 Bd6 34. Re8+ Kg7 35. Qg1 Qxc2 36. fxg6 hxg6 37. h4 Qd2 38. Rc8 Qxb4 39. Rxc6 Qxh4+ 40. Kg2 Qe4+ 0-1

[Event "Mittelfranken-chTB1 1112"]
[Site "Germany"]
[Date "2011.09.25"]
[Round "1.1"]
[White "Hofer, Markus"]
[Black "Hoewel, Karl Adolf"]
[Result "1/2-1/2"]
[WhiteElo "2121"]
[BlackElo "2024"]
[PlyCount "43"]
[EventDate "2011.09.25"]
[EventType "team-tourn"]
[EventRounds "9"]
[EventCountry "GER"]
[SourceTitle "EXT 2013"]
[Source "ChessBase"]
[SourceDate "2012.11.22"]
[SourceVersion "1"]
[SourceVersionDate "2012.11.22"]
[SourceQuality "1"]
[WhiteTeam "Buechenbach/Roth"]
[BlackTeam "Nuernberg SK 1911"]
[WhiteTeamCountry "GER"]
[BlackTeamCountry "GER"]

1. d4 d5 2. c4 e6 3. Nc3 Nf6 4. Bg5 Be7 5. e3 0-0 6. Nf3 Nbd7 7. Rc1 c6 8. Bd3 dxc4 9. Bxc4 Nd5 10. Bxe7 Qxe7 11. Qc2 Nxc3 12. Qxc3 b6 13. 0-0 Bb7 14. b4 a5 15. Rb1 axb4 16. Qxb4 c5 17. dxc5 Bxf3 18. gxf3 bxc5 19. Qb7 Qg5+ 20. Kh1 Qh5 21. f4 Rfb8 22. Qxd7 1/2-1/2

[Event "Mittelfranken-chTB1 0910"]
[Site "Mittelfranken"]
[Date "2009.10.11"]
[Round "1.4"]
[White "Hoewel, Karl Adolf"]
[Black "Kirch, Daniel"]
[Result "1-0"]
[WhiteElo "1945"]
[BlackElo "1975"]
[PlyCount "79"]
[EventDate "2009.10.11"]
[EventType "team-tourn"]
[EventRounds "9"]
[EventCountry "GER"]
[SourceTitle "EXT 2011"]
[Source "ChessBase"]
[SourceDate "2010.11.26"]
[SourceVersion "1"]
[SourceVersionDate "2010.11.26"]
[SourceQuality "1"]
[WhiteTeam "Nuernberg SK 1911"]
[BlackTeam "Grossenseebach"]
[WhiteTeamCountry "GER"]
[BlackTeamCountry "GER"]

1. d4 Nf6 2. c4 e6 3. Nf3 b6 4. g3 Ba6 5. b3 b5 6. cxb5 Bxb5 7. Bg2 Bb4+ 8. Bd2 Be7 9. Ne5 d5 10. Nc3 Ba6 11. Qc2 Nfd7 12. Nxd5 exd5 13. Nxf7 Kxf7 14. Bxd5+ Kf8 15. Bxa8 Nb6 16. Bf3 Qxd4 17. 0-0 N8d7 18. Be3 Qe5 19. Bf4 Qc5 20. Qxc5 Bxc5 21. Bxc7 Ke7 22. Rac1 Rc8 23. Bf4 h6 24. h4 Rg8 25. Rfd1 g5 26. Rxc5 gxf4 27. Ra5 Nb8 28. Bb7 Bxb7 29. Rxa7 fxg3 30. Rxb7+ N6d7 31. f3 Ke6 32. a4 Nc5 33. Rb6+ Ke7 34. a5 Nbd7 35. Rxh6 Rb8 36. Rh7+ Ke6 37. Rb1 Rxb3 38. Rxb3 Nxb3 39. a6 Nb6 40. Rh6+ 1-0

[Event "Mittelfranken-chTB2a 0809"]
[Site "Mittelfranken"]
[Date "2009.03.08"]
[Round "7.3"]
[White "Walther, Reinhard"]
[Black "Hoewel, Karl Adolf"]
[Result "0-1"]
[WhiteElo "1889"]
[BlackElo "1968"]
[PlyCount "68"]
[EventDate "2008.10.12"]
[EventType "team"]
[EventRounds "9"]
[EventCountry "GER"]
[SourceTitle "EXT 2011"]
[Source "ChessBase"]
[SourceDate "2010.11.26"]
[SourceVersion "1"]
[SourceVersionDate "2010.11.26"]
[SourceQuality "1"]
[WhiteTeam "Herzogenaurach"]
[BlackTeam "Nuernberg SK 1911"]
[WhiteTeamCountry "GER"]
[BlackTeamCountry "GER"]

1. d4 d5 2. c4 e6 3. Nc3 Nf6 4. Bg5 Be7 5. e3 0-0 6. Nf3 Nbd7 7. Qc2 c5 8. 0-0-0 b6 9. h4 Bb7 10. Kb1 cxd4 11. Rxd4 Rc8 12. Qd1 Bc5 13. Rd2 Qc7 14. cxd5 Nxd5 15. Nb5 Qb8 16. h5 a6 17. Nbd4 Bb4 18. Rc2 Rxc2 19. Nxc2 h6 20. Bh4 Bd6 21. g4 Ne5 22. Be2 Nxg4 23. Rg1 Ngf6 24. Nd2 Bh2 25. e4 Bxg1 26. Qxg1 Qf4 27. exd5 Qxh4 28. d6 Qh1 29. Qxh1 Bxh1 30. Bxa6 Bd5 31. Nd4 Rd8 32. Nb5 Nxh5 33. b3 Nf6 34. Nc4 Bxc4 0-1

[Event "Mittelfranken-chTB2a 0809"]
[Site "Mittelfranken"]
[Date "2009.02.08"]
[Round "6.3"]
[White "Hoewel, Karl Adolf"]
[Black "Sha, Siyu"]
[Result "0-1"]
[WhiteElo "1968"]
[BlackElo "1834"]
[PlyCount "80"]
[EventDate "2008.10.12"]
[EventType "team"]
[EventRounds "9"]
[EventCountry "GER"]
[SourceTitle "EXT 2011"]
[Source "ChessBase"]
[SourceDate "2010.11.26"]
[SourceVersion "1"]
[SourceVersionDate "2010.11.26"]
[SourceQuality "1"]
[WhiteTeam "Nuernberg SK 1911"]
[BlackTeam "Nuernberg NT V"]
[WhiteTeamCountry "GER"]
[BlackTeamCountry "GER"]

1. d4 Nf6 2. c4 g6 3. Nc3 Bg7 4. e4 d6 5. Be2 0-0 6. Nf3 e5 7. d5 Nbd7 8. 0-0 Ne8 9. Bg5 f6 10. Bh4 Bh6 11. b4 Qe7 12. Ne1 Qg7 13. Nd3 f5 14. f3 Be3+ 15. Bf2 Bxf2+ 16. Nxf2 f4 17. Nd3 Ndf6 18. Rc1 g5 19. g4 fxg3 20. hxg3 Nh5 21. Kg2 Kh8 22. Rg1 Nef6 23. g4 Nf4+ 24. Nxf4 gxf4 25. Kf2 Kg8 26. c5 Qg5 27. Ke1 h5 28. cxd6 cxd6 29. Nb5 Ne8 30. Nc7 Nxc7 31. Rxc7 hxg4 32. fxg4 f3 33. Rh1 fxe2 34. Qxe2 Bxg4 35. Rg1 Qh4+ 36. Kd2 Qg5+ 37. Ke1 Rf1+ 38. Kxf1 Bxe2+ 39. Kf2 Bg4 40. Rxb7 Qf4+ 0-1

[Event "Mittelfrankenliga-B1 0708"]
[Site "Mittelfranken"]
[Date "2008.04.27"]
[Round "9.3"]
[White "Sejdic, Enis"]
[Black "Hoewel, Karl Adolf"]
[Result "0-1"]
[WhiteElo "2099"]
[BlackElo "2017"]
[PlyCount "116"]
[EventDate "2007.10.14"]
[EventType "team-tourn"]
[EventRounds "9"]
[EventCountry "GER"]
[SourceTitle "EXT 2011"]
[Source "ChessBase"]
[SourceDate "2010.11.26"]
[SourceVersion "1"]
[SourceVersionDate "2010.11.26"]
[SourceQuality "1"]
[WhiteTeam "Bechhofen"]
[BlackTeam "Nuernberg SK 1911"]
[WhiteTeamCountry "GER"]
[BlackTeamCountry "GER"]

1. e4 e5 2. Bc4 Be7 3. Nf3 d6 4. d3 Nf6 5. c3 0-0 6. h3 Nc6 7. Bb3 d5 8. exd5 Nxd5 9. 0-0 Be6 10. Re1 Bf6 11. Na3 Re8 12. Nc4 Nb6 13. Nxb6 axb6 14. Bxe6 Rxe6 15. Qe2 Qd5 16. a3 Rd8 17. Ng5 Bxg5 18. Bxg5 f6 19. Be3 Qxd3 20. Qg4 Qd7 21. Rad1 Rd6 22. Rxd6 Qxd6 23. Bh6 Qd7 24. Qg3 Kh8 25. Be3 Ne7 26. Qf3 Qd5 27. Qg4 b5 28. Kh2 c6 29. Rc1 Qd7 30. Qf3 Qe6 31. Rd1 Rxd1 32. Qxd1 Qd5 33. Qh5 g6 34. Qh4 Qe6 35. Qb4 Kg7 36. Qa5 Qd7 37. Bc5 Nd5 38. Qa8 Qf7 39. Qd8 Nf4 40. Be3 Nd5 41. Bc5 g5 42. g3 Kg6 43. Qc8 f5 44. Bd6 e4 45. Bc5 Nb6 46. Qd8 Nc4 47. Bd4 Nxb2 48. h4 gxh4 49. gxh4 h6 50. Qd6+ Kh5 51. Be3 Qg6 52. Qd7 Nd3 53. Qc7 Kxh4 54. Kh1 f4 55. Bxf4 Kh3 56. Qd7+ Qg4 57. Qxg4+ Kxg4 58. Bxh6 Kf3 0-1

[Event "Mittelfrankenliga-B1 0708"]
[Site "Mittelfranken"]
[Date "2008.01.27"]
[Round "5.3"]
[White "Hoewel, Karl Adolf"]
[Black "Vogiatzis, Dimitrios"]
[Result "1-0"]
[WhiteElo "2017"]
[BlackElo "1953"]
[PlyCount "62"]
[EventDate "2007.10.14"]
[EventType "team-tourn"]
[EventRounds "9"]
[EventCountry "GER"]
[SourceTitle "EXT 2011"]
[Source "ChessBase"]
[SourceDate "2010.11.26"]
[SourceVersion "1"]
[SourceVersionDate "2010.11.26"]
[SourceQuality "1"]
[WhiteTeam "Nuernberg SK 1911"]
[BlackTeam "Nuernberg NT IV"]
[WhiteTeamCountry "GER"]
[BlackTeamCountry "GER"]

1. d4 d5 2. c4 e5 3. dxe5 d4 4. Nf3 Nc6 5. Nbd2 Bg4 6. h3 Bf5 7. Nb3 Be4 8. Nbxd4 Bb4+ 9. Bd2 Nxd4 10. Nxd4 Qxd4 11. Qa4+ Bc6 12. Qxb4 Qxe5 13. Qc3 Qd6 14. Qxg7 0-0-0 15. Bc3 Ne7 16. e3 Rhg8 17. Qf6 Qd7 18. Rg1 Rg6 19. Qxf7 Be4 20. Be2 Bf5 21. Rd1 Rd6 22. Rxd6 Qxd6 23. f4 Be6 24. Bg4 Bxg4 25. hxg4 Qd1+ 26. Kf2 Qc2+ 27. Kf3 Qd3 28. Qxe7 h5 29. gxh5 Qxc4 30. Qe4 Qf7 31. g4 Re8 1-0